Представление документа в формате MARC21

Поле Инд. ПП Название Значение
Тип записи a
Библиографический уровень b
001 Контрольный номер DU/575639010
005 Дата корректировки 20200528185505.2
008 Кодируемые данные 20131217
040 b Код языка каталог. rus
e Правила каталог. PSBO
041 0_ a Код языка текста rus
084 a Индекс другой классификации/Индекс ББК 65.240.51
100 1_ a Автор Лукьянова А. Л.
q Полное имя Лукьянова Анна Львовна
245 10 a Заглавие Неравенство в распределении занятости между российскими домашними хозяйствами
504 a Библиография Лит. в конце статьи
520 0_ a Аннотация Российский рынок труда характеризуется низким уровнем неравенства между домашними хозяйствами по занятости. Низкий уровень семейной незанятости связан с высоким уровнем занятости в домохозяйствах с двумя взрослыми трудоспособного возраста. Демографические изменения (увеличение числа семей с одним взрослым трудоспособного возраста) и изменения на рынке труда (рост индивидуального уровня незанятости) способствовали росту уровня семейной незанятости. Снижение неравенства в распределении занятости между домохозяйствами действовало в противоположном направлении. Расширение доступности высшего образования привело к усилению разрыва в уровне незанятости между домохозяйствами, имеющими и не имеющими лиц с высшим образованием.
650 a Основная рубрика экономика
a Основная рубрика экономика труда
653 1_ a Ключевые слова возрастные группы
a Ключевые слова высшее образование
a Ключевые слова демография
a Ключевые слова домашние хозяйства (домохозяйства)
a Ключевые слова занятость населения
a Ключевые слова индивидуальная занятость
a Ключевые слова индивидуальная незанятость
a Ключевые слова методологические исследования
a Ключевые слова незанятость
a Ключевые слова неравенство занятости
a Ключевые слова Россия
a Ключевые слова рынок труда
a Ключевые слова семейная занятость
a Ключевые слова семейная незанятость
a Ключевые слова социальное неравенство
a Ключевые слова трудоспособное население
a Ключевые слова уровень образования
a Ключевые слова численность трудоспособного населения
773 0_ t Заглавие источника Экономический журнал ВШЭ
d Дата издания источника 2016
g Прочая информация Т. 20, № 3. - С. 415 - 441 : 7 граф., 6 табл., расчет.
w Контрольный № источника DU/531501272
901 t Тип документа b